The Hearsts : (Record no. 589260)
[ view plain ]
| 000 -LEADER | |
|---|---|
| fixed length control field | 01300pam a2200337 a 4500 |
| 001 - CONTROL NUMBER | |
| control field | 565828 |
| 003 - CONTROL NUMBER IDENTIFIER | |
| control field | NUST |
| 005 - DATE AND TIME OF LATEST TRANSACTION | |
| control field | 20220420124613.0 |
| 008 - FIXED-LENGTH DATA ELEMENTS--GENERAL INFORMATION | |
| fixed length control field | 891127s1991 deua b s001 0ceng |
| 010 ## - LIBRARY OF CONGRESS CONTROL NUMBER | |
| LC control number | 89040768 |
| 020 ## - INTERNATIONAL STANDARD BOOK NUMBER | |
| International Standard Book Number | 0874133831 (alk. paper) |
| 038 ## - RECORD CONTENT LICENSOR | |
| Staff Name | waseem |
| 040 ## - CATALOGING SOURCE | |
| Original cataloging agency | DLC |
| Transcribing agency | DLC |
| Modifying agency | DLC |
| 043 ## - GEOGRAPHIC AREA CODE | |
| Geographic area code | n-us--- |
| 050 00 - LIBRARY OF CONGRESS CALL NUMBER | |
| Classification number | Z473.H4 |
| Item number | R62 1991 |
| 082 00 - DEWEY DECIMAL CLASSIFICATION NUMBER | |
| Classification number | 070.5092 |
| Author Mark | ROB |
| 100 1# - MAIN ENTRY--PERSONAL NAME | |
| Personal name | Robinson, Judith, |
| Dates associated with a name | 1939- |
| 9 (RLIN) | 91099 |
| 245 14 - TITLE STATEMENT | |
| Title | The Hearsts : |
| Remainder of title | an American dynasty / |
| Statement of responsibility, etc. | Judith Robinson. |
| 260 ## - PUBLICATION, DISTRIBUTION, ETC. | |
| Place of publication, distribution, etc. | Newark, Del. : |
| Name of publisher, distributor, etc. | University of Delaware Press ; |
| Place of publication, distribution, etc. | London ; |
| -- | Cranbury, NJ : |
| Name of publisher, distributor, etc. | Associated University Presses, |
| Date of publication, distribution, etc. | 1991. |
| 300 ## - PHYSICAL DESCRIPTION | |
| Extent | 441 p. : |
| Other physical details | ill. ; |
| Dimensions | 24 cm. |
| 504 ## - BIBLIOGRAPHY, ETC. NOTE | |
| Bibliography, etc. note | Includes bibliographical references (p. 428-431) and index. |
| 563 ## - BINDING INFORMATION | |
| Binding note | HBK. |
| 600 10 - SUBJECT ADDED ENTRY--PERSONAL NAME | |
| Personal name | Hearst, William Randolph, |
| Dates associated with a name | 1863-1951 |
| General subdivision | Family. |
| 9 (RLIN) | 91100 |
| 600 30 - SUBJECT ADDED ENTRY--PERSONAL NAME | |
| Personal name | Hearst family. |
| 9 (RLIN) | 91101 |
| 650 #0 - SUBJECT ADDED ENTRY--TOPICAL TERM | |
| Topical term or geographic name entry element | Publishers and publishing |
| Geographic subdivision | United States |
| General subdivision | Biography. |
| 9 (RLIN) | 91102 |
| 650 #0 - SUBJECT ADDED ENTRY--TOPICAL TERM | |
| Topical term or geographic name entry element | Newspaper publishing |
| Geographic subdivision | United States |
| General subdivision | History. |
| 9 (RLIN) | 91103 |
| 906 ## - LOCAL DATA ELEMENT F, LDF (RLIN) | |
| a | 7 |
| b | cbc |
| c | orignew |
| d | 1 |
| e | ocip |
| f | 19 |
| g | y-gencatlg |
| 942 ## - ADDED ENTRY ELEMENTS (KOHA) | |
| Source of classification or shelving scheme | |
| Koha item type | Book |
| Withdrawn status | Lost status | Source of classification or shelving scheme | Damaged status | Not for loan | Permanent Location | Current Location | Date acquired | Source of acquisition | Total Checkouts | Full call number | Barcode | Date last seen | Price effective from | Koha item type |
|---|---|---|---|---|---|---|---|---|---|---|---|---|---|---|
| Central Library (CL) | Central Library (CL) | 04/20/2022 | Donation | 070.5092 ROB | CL-D-1706 | 04/20/2022 | 04/20/2022 | Book |
